Algebra two with trigonometry / (Record no. 181997)

000 -LEADER
fixed length control field 00960 a2200193 4500
003 - CONTROL NUMBER IDENTIFIER
control field Nust
005 - DATE AND TIME OF LATEST TRANSACTION
control field 20221115121653.0
020 ## - INTERNATIONAL STANDARD BOOK NUMBER
International Standard Book Number 0153540761
040 ## - CATALOGING SOURCE
Transcribing agency Nust
082 ## - DEWEY DECIMAL CLASSIFICATION NUMBER
Classification number 512.13,PAY
100 ## - MAIN ENTRY--PERSONAL NAME
Personal name Payne ,Joseph N
9 (RLIN) 102624
245 ## - TITLE STATEMENT
Title Algebra two with trigonometry /
Statement of responsibility, etc. Joseph N Payne and Floyd F Zamboni
250 ## - EDITION STATEMENT
Edition statement 2nd ed
260 ## - PUBLICATION, DISTRIBUTION, ETC.
Place of publication, distribution, etc. New York
Name of publisher, distributor, etc. Harcourt Bracce
300 ## - PHYSICAL DESCRIPTION
Extent 617:p
505 ## - FORMATTED CONTENTS NOTE
Formatted contents note Systems of Numbers (Page-1), Polynomials and Factoring (Page-53), Rational Expressions (Page-95), Coordinate Geometry (Page-135), Relations and Functions (Page-193), Quadratic Functions (Page-231), Systems of Sentences (Page-291), Real Exponents (Page-347), Logarithmic Functions (Page-38), Conic Sections (Page-417), Sequences and Series (Page-449), Trigonometric Functions (Page-483), More Topics in Trigonometry (Page-525), Counting and Probability (Page-557).
650 ## - SUBJECT ADDED ENTRY--TOPICAL TERM
Topical term or geographic name entry element Algebra two with trigonometry
9 (RLIN) 102625
942 ## - ADDED ENTRY ELEMENTS (KOHA)
Source of classification or shelving scheme
Koha item type Book
Call number prefix 512.13,PAY
Holdings
Withdrawn status Lost status Source of classification or shelving scheme Damaged status Not for loan Permanent Location Current Location Shelving location Date acquired Full call number Barcode Date last seen Price effective from Koha item type Public note
          Military College of Signals (MCS) Military College of Signals (MCS) General Stacks 12/12/2016 512.13,PAY MCS22546 12/08/2016 12/12/2016 Book Almirah No.82, Shelf No.3
          Military College of Signals (MCS) Military College of Signals (MCS) General Stacks 12/12/2016 512.13,PAY MCS7467 12/08/2016 12/12/2016 Book Almirah No.82, Shelf No.3
          Military College of Signals (MCS) Military College of Signals (MCS) General Stacks 12/12/2016 512.13,PAY MCS7471 12/08/2016 12/12/2016 Book Almirah No.11, Shelf No.1
          Military College of Signals (MCS) Military College of Signals (MCS) General Stacks 12/12/2016 512.13,PAY MCS7472 12/08/2016 12/12/2016 Book Almirah No.82, Shelf No.3
© 2023 Central Library, National University of Sciences and Technology. All Rights Reserved.